Statistiques concernant La réponse se trouve dans le corps humain

Cliquez ici pour prendre le quiz!

Statistiques générales

  • Ce quiz a été pris 1 653 fois
  • Le résultat moyen est 8 sur 20

Statistiques - réponses

IndiceRéponseDans le corps humain...% Correct
Symbole de l'amourCœurOrgane vital
99%
Outil qui frappe des clousMarteauUn des trois osselets
96%
Le français, l'anglais, l'espagnol ...LangueOrgane du goût
78%
Quelqu'un de 18 ans et plus dans la plupart des pays du mondeMajeurDoigt de la main
70%
Fruit du chêneGlandStructure génitale
69%
Recueil de cartes géographiquesAtlasPremier vertèbre de la colonne vertébrale
51%
Anneau métallique suspendu de chaque côté de la selleÉtrierPlus petit os du corps humain
48%
Outil utilisé par les forgeronsEnclumeUn des trois osselets
40%
Son aire = (petite base + grande base) × hauteur ÷ 2TrapèzeMuscle du dos
35%
Cellule hexagonale dans une rucheAlvéoleCavité des poumons responsable des échanges gazeux
32%
Zone de combat située à la frontière avec l'ennemiFrontPartie supérieure de la tête
31%
Fleur emblématique de la France à l'époque de ClovisIrisPartie colorée de l’œil
30%
Vaste et somptueuse résidencePalaisPartie supérieure interne de la bouche
27%
Bande de terre adjacente à la merCôteCompose la cage thoracique
24%
Le deuxième poisson le plus élevé en FranceCarpeOs du poignet
15%
Synonyme de canyonGorgePartie antérieure du cou
14%
En s'ouvrant et se fermant, il contrôle la lumière captée par l'appareil photoDiaphragmeOrgane fondamental à la respiration
12%
Mince filon d'un minéralVeineConduit le sang vers le cœur
11%
Catalogue des livres interdits par l'Église catholiqueIndexDoigt de la main
8%
Petit bâtiment isolé dans un jardinPavillonPartie visible de l'oreille
4%

Distribution des résultats

Percentile par nombre de réponses

% des personnes avec chaque résultat

Votre développement - résultats

Vous n’avez pas pris ce quiz